|
|
|
|
| LEADER |
01294na a2200313 4500 |
| 001 |
000031882 |
| 003 |
7405 |
| 005 |
20230310093159.0 |
| 008 |
151001s1999 000 eng |
| 040 |
|
|
|a LNN
|
| 041 |
|
|
|a eng
|
| 082 |
|
|
|a 420.4
|b VO-T
|2 Syntatic
|
| 100 |
|
|
|a Võ Thị Thảo
|
| 245 |
|
0 |
|a Syntatic characteristics of some link words for “result” and “cause”- in Englich and comparison withVietnamese equivalents /
|c Võ Thị Thảo
|n Syntatic
|
| 260 |
|
|
|a Khoa Anh Ngữ,
|c 1999.
|
| 300 |
|
|
|a 59tr. : mh ; 30cm.
|
| 650 |
|
|
|a Syntatic characteristics of some link words for “result” and “cause”- in Englich and comparison withVietnamese equivalents, Syntatic , 1999, SV, 59TR, cause
|
| 852 |
|
|
|b P.Doc
|c Luận văn sinh viên
|
| OWN |
|
|
|a LNN
|
| AVA |
|
|
|a UDN50
|b LNN
|c English
|d 420.4 VO-T
|e available
|t Error 5001 Not defined in file expand_doc_bib_avail.
|f 1
|g 0
|h N
|i 0
|j AN
|k 1
|
| 999 |
|
|
|a From the UDN01
|
| AVA |
|
|
|a UDN50
|b LNN
|c English
|d 420.4 VO-T
|e available
|t Error 5001 Not defined in file expand_doc_bib_avail.
|f 1
|g 0
|h N
|i 0
|j AN
|k 1
|
| TYP |
|
|
|a Printed language
|
| 980 |
|
|
|a Mạng thư viện Đại học Đà Nẵng
|